00541nam a2200133Ia 4500008004100000100002300041245010900064245008400173260005300257260000900310300001200319650001500331856006100346170221s9999 xx 000 0 und d aGeorgy M. Mishulin aIntegrated Marketing Information and Communication System: New Quality of the Communication Interaction  cGeorgy M. Mishulin, Alexey S. Molchan, Alexey Yu. Biryukov, Levon V. Haradzhyan bInternational Review of Management and Marketing c2016 a15 : 14 xMarketing. uhttp://www.econjournals.com/index.php/irmm/issue/view/86